[Event "Troya op 26th"]
[Site "Canakkale"]
[Date "2018.08.10"]
[Round "8"]
[White "Pekdemir, Veysel"]
[Black "Istekli, Erdem"]
[Result "0-1"]
[WhiteElo "1617"]
[BlackElo "1713"]
[PlyCount "90"]
[EventDate "2018.08.06"]
[EventType "swiss"]
[EventRounds "9"]
[EventCountry "TUR"]
[SourceTitle "EXT 2019"]
[Source "ChessBase"]
[SourceDate "2018.10.10"]
[SourceVersion "1"]
[SourceVersionDate "2018.10.10"]
[SourceQuality "1"]

1. e4 c5 2. Nf3 Nc6 3. d4 cxd4 4. Nxd4 Nf6 5. Nc3 e5 6. Ndb5 d6 7. Bg5 a6 8. Na3 b5 9. Nd5 Be7 10. Bxf6 Bxf6 11. c3 Bg5 12. Nc2 0-0 13. Bd3 Be6 14. Nce3 g6 15. 0-0 Ne7 16. f4 exf4 17. Nxf4 Qb6 18. Qe2 Nc6 19. Kh1 Bxf4 20. Rxf4 Ne5 21. a3 Rac8 22. h4 Qc6 23. Rd1 Rcd8 24. h5 d5 25. exd5 Bxd5 26. Rdf1 Nxd3 27. Rd4 Nc5 28. Ng4 Ne4 29. Rxe4 Bxe4 30. Nf6+ Kg7 31. h6+ Kxh6 32. Nxe4 Rde8 33. Qd2+ Kg7 34. Nf6 Re6 35. Nd7 Rd8 36. Qd4+ f6 37. Rd1 Re7 38. Qg4 Rexd7 39. Re1 Qd6 40. Qf3 Qd5 41. Qg3 Qh5+ 42. Kg1 Rd1 43. Rxd1 Rxd1+ 44. Kf2 Qf5+ 45. Qf3 Qxf3+ 0-1